Aprendiendo C en 21 días / Peter Aitken, Bradley Jones (Registro nro. 12283)
[ vista simple ]
| 000 -LÍDER | |
|---|---|
| fixed length control field | 00580nam a2200169 4500 |
| 008 - ELEMENTOS DE LONGITUD FIJA -- INFORMACIÓN GENERAL | |
| fixed length control field | 0 1994 0a 000 0MEX |
| 020 ## - NÚMERO INTERNACIONAL NORMALIZADO PARA LIBROS | |
| ISBN | 968-880-444-4 |
| 050 ## - SIGNATURA TOPOGRAFICA DE LA BIBLIOTECA DEL CONGRESO (LC) | |
| Número de Clasificación | QA76 73C15 A5718 |
| 082 ## - NUMERO DE CLASIFICACION DECIMAL DEWEY | |
| Número de Clasificación | 001.642.402.02 A299a |
| 100 ## - ASIENTO PRINCIPAL--NOMBRE PERSONAL | |
| Nombre personal | Aitken, Peter |
| 245 ## - TÍTULO | |
| Título | Aprendiendo C en 21 días / Peter Aitken, Bradley Jones |
| 260 ## - PUBLICACIÓN, DISTRIBUCIÓN, ETC. (PIE DE IMPRENTA) | |
| Lugar de publicación, distribución, etc. | México : Prentice-Hall |
| 300 ## - DESCRIPCIÓN FÍSICA | |
| Extensión | xxiv, 720 p. / 24 cm. |
| 500 ## - NOTA GENERAL | |
| Nota general | Incluye apendice |
| 650 ## - ASIENTO SECUNDARIO DE MATERIA - TERMINO TEMÁTICO | |
| Término temático o nombre geográfico como elemento de entrada | 1.C (Lenguaje de programación para computadoras) \ 2. Computadoras electronicas digitales-programación. |
| 700 ## - ASIENTO SECUNDARIO - NOMBRE PERSONAL | |
| Nombre personal | Jones, Bradley |
| No. biblioteca | No. biblioteca | Número de clasificación | Código de barras/Número de adquisición | Número de copia | Tipo de material |
|---|---|---|---|---|---|
| LUIS G. INCLAN | LUIS G. INCLAN | 001.642.402.02 A299a | 30773 | 1 | Libros |
| LUIS G. INCLAN | LUIS G. INCLAN | 001.642.402.02 A299a | 30774 | 2 | Libros |
| LUIS G. INCLAN | LUIS G. INCLAN | 001.642.402.02 A299a | 34520 | 3 | Libros |
| LUIS G. INCLAN | LUIS G. INCLAN | 001.642.402.02 A299a | 36791 | 10 | Libros |
| LUIS G. INCLAN | LUIS G. INCLAN | 001.642.402.02 A299a | 36792 | 11 | Libros |
| LUIS G. INCLAN | LUIS G. INCLAN | 001.642.402.02 A299a | 36793 | 12 | Libros |
| LUIS G. INCLAN | LUIS G. INCLAN | 001.642.402.02 A299a | 36794 | 13 | Libros |
| LUIS G. INCLAN | LUIS G. INCLAN | 001.642.402.02 A299a | 36795 | 14 | Libros |
| LUIS G. INCLAN | LUIS G. INCLAN | 001.642.402.02 A299a | 36926 | 16 | Libros |
| LUIS G. INCLAN | LUIS G. INCLAN | 001.642.402.02 A299a | 37179 | 18 | Libros |
| LUIS G. INCLAN | LUIS G. INCLAN | 001.642.402.02 A299a | 37178 | 17 | Libros |
| LUIS G. INCLAN | LUIS G. INCLAN | 001.642.402.02 A299a | 36925 | 15 | Libros |
| LUIS G. INCLAN | LUIS G. INCLAN | 001.642.402.02 A299a | 36788 | 7 | Libros |
| LUIS G. INCLAN | LUIS G. INCLAN | 001.642.402.02 A299a | 36789 | 8 | Libros |
| LUIS G. INCLAN | LUIS G. INCLAN | 001.642.402.02 A299a | 36790 | 9 | Libros |
| LUIS G. INCLAN | LUIS G. INCLAN | 001.642.402.02 A299a | 36455 | 4 | Libros |
| LUIS G. INCLAN | LUIS G. INCLAN | 001.642.402.02 A299a | 20833 | 19 | Libros |
| LUIS G. INCLAN | LUIS G. INCLAN | 001.642.402.02 A299a | 28241 | 20 | Libros |
